1 to 10 in 4 mins - Statistics

General Stats
  • This quiz has been taken 742 times
  • The average score is 10 of 10
Answer Stats
Hint Answer % Correct
2 2
100%
1 1
99%
3 3
99%
4 4
99%
5 5
98%
6 6
98%
7 7
98%
8 8
97%
9 9
96%
10 10
93%
No matching quizzes found
Score Distribution
Percent of People with Each Score
Percentile by Number Answered
Your Score History
You have not taken this quiz